000 00534nam a2200181Ia 4500
003 OSt
005 20260123100325.0
008 250729s1996 xx 000 0 und d
040 _cAL
041 _akan
082 _a494.507 RAOK
100 _aರಾವ್ ಮಹಾಬಲೇಶ್ವರ
_9227850
245 _aಭಾಷಾ ಬೋಧನೆ ಮತ್ತು ಕಲಿಕೆಯ ಸೂತ್ರಗಳು
260 _aಉಡುಪಿ
_c1996
650 _aKannada
_9227851
700 _aರಾo Digumurthi
_9227852
942 _2ddc
_cBED
999 _c237795
_d237795